| Tag |
First Indicator |
Second Indicator |
Subfields |
| LEADER |
00000cam a2200000 4500 |
| 001 |
in00000102012 |
| 005 |
20150924161752.0 |
| 008 |
711221s1971 enka 00100 eng |
| 010 |
|
|
|a 70030835
|
| 015 |
|
|
|a B***
|
| 020 |
|
|
|a 0070941513
|
| 035 |
|
|
|a (OCoLC)00216549
|
| 035 |
|
|
|9 AAL1424AM
|
| 040 |
|
|
|a DLC
|c DLC
|d TXA
|d UtOrBLW
|
| 049 |
|
|
|a TXAM
|c [1125495]
|
| 050 |
0 |
0 |
|a TK7871
|b .A44
|
| 082 |
0 |
|
|a 621.381
|
| 100 |
1 |
|
|a Allison, John.
|
| 245 |
1 |
0 |
|a Electronic engineering materials and devices.
|
| 264 |
|
1 |
|a London,
|a New York :
|b McGraw-Hill,
|c [1971]
|
| 300 |
|
|
|a xii, 302 pages :
|b illustrations ;
|c 24 cm.
|
| 336 |
|
|
|a text
|b txt
|2 rdacontent
|
| 337 |
|
|
|a unmediated
|b n
|2 rdamedia
|
| 338 |
|
|
|a volume
|b nc
|2 rdacarrier
|
| 490 |
1 |
|
|a European electrical and electronic engineering series
|
| 650 |
|
0 |
|a Electronics
|x Materials.
|
| 650 |
|
0 |
|a Electronic apparatus and appliances.
|
| 830 |
|
0 |
|a European electrical and electronic engineering series.
|
| 999 |
|
|
|a MARS
|
| 999 |
f |
f |
|s f2b286c0-8ab5-3981-a338-856c6eb1ab9b
|i d369a5ab-fd0c-3968-ba8b-b1d34a54d2b7
|t 0
|
| 952 |
f |
f |
|p ric
|a Texas A&M University
|b Rellis Campus
|c Joint Library Facility
|d Remote Storage
|t 0
|e TK7871 .A44
|h Library of Congress classification
|i unmediated -- volume
|m A14805499926
|
| 998 |
f |
f |
|a TK7871 .A44
|t 0
|l Remote Storage
|